| 000 | 00805nas a2200265 4500 | ||
|---|---|---|---|
| 001 | BR9205634 | ||
| 003 | BR-BrBNA | ||
| 005 | 20231205092854.0 | ||
| 007 | ta | ||
| 008 | 230509b bl.|||p| |||| 00| 00por d | ||
| 040 |
_aBR-BrBNA _bpor _cBiblioteca Nacional de Agricultura |
||
| 041 | _a(Pt) | ||
| 072 | _aP34 | ||
| 100 | 1 | _aConceicao, F.A.D. | |
| 100 | 1 | _aLeopoldo, P.R. | |
| 245 | 1 | _aCaracteristicas do cultivar lavinia (Allium sativum L. ) em funcao de diferentes tensoes de umidade do solo e cobertura morta | |
| 650 | _aALHO | ||
| 650 | _aVARIEDADE | ||
| 650 | _aSOLO | ||
| 650 | _aUMIDADE DO SOLO | ||
| 650 | _aCOBERTURA MORTA | ||
| 773 | 0 |
_tRevista de Olericultura (Brazil) _x _g(1975), (no. 15) p. 44-46 _wBR9205634 |
|
| 909 |
_a202311 _bLúcia _c55 _dLúcia Elande |
||
| 942 |
_2AGRIS _n0 _cANA |
||
| 999 |
_c134791 _d134791 |
||